| 000 | 00572nam a22002057a 4500 | ||
|---|---|---|---|
| 003 | MPLRDC | ||
| 005 | 20220104195323.0 | ||
| 008 | 210129b ||||| |||| 00| 0 eng d | ||
| 020 | _a978-988-8340-43-9 | ||
| 082 | _a782.879 PY-18 | ||
| 100 | _a贾英华 | ||
| 245 |
_a末代皇帝的后半生 _c |
||
| 250 | _a初版 | ||
| 260 |
_a香港 _b中华书局(香港)有限公司 _c2015 |
||
| 300 | _b平 | ||
| 490 | _a中华说史024 | ||
| 520 | _a2017-08-19 弄湿--pg.479-低页上方(5604)。 | ||
| 650 | _a中国传记--溥仪 | ||
| 942 |
_cBK _o782.879 PY-18 |
||
| 999 |
_c66128 _d66118 |
||